[Event "TCh-CAT Div Hon"]
[Site "Barcelona ESP"]
[Date "2011.02.26"]
[Round "5"]
[White "Pares Vives, Natalia"]
[Black "Ryan, Joe"]
[Result "1/2-1/2"]
[WhiteTitle "FM"]
[BlackTitle "FM"]
[WhiteElo "2269"]
[BlackElo "2280"]
[Plycount "88"]
[WhiteTeam "PEC"]
[BlackTeam "FOM"]
[WhiteFideId "2200465"]
[BlackFideId "2500426"]
[EventDate "2011.01.29"]
[Source "TWIC 854"]

1. Nf3 Nf6 2. c4 g6 3. g3 Bg7 4. Bg2 d5 5. cxd5 Nxd5 6. d4 Nb6 7. O-O Nc6 8. Nc3
Nxd4 9. Nxd4 Qxd4 10. Nb5 Qc4 11. a4 O-O 12. Bf4 Bg4 13. b3 Qxe2 14. f3 Qxd1 15.
Raxd1 Bd7 16. Nxc7 Rad8 17. Bg5 f6 18. Be3 Kf7 19. a5 Nc8 20. b4 Ba4 21. Ra1 Bc6
22. b5 Rd7 23. bxc6 Rxc7 24. cxb7 Rxb7 25. Rab1 Rd7 26. Rfc1 f5 27. Rb8 Nd6 28.
Rxf8+ Kxf8 29. a6 Kf7 30. Bf1 Kf8 31. Kf2 Bf6 32. Be2 Kf7 33. Bd1 Ne8 34. Bb3+
e6 35. Rc8 Bd4 36. Bxe6+ Kxe6 37. Rxe8+ Kd5 38. Rb8 Rd6 39. Rb7 Bxe3+ 40. Kxe3
Rxa6 41. Rxh7 Ke5 42. h4 Ra3+ 43. Ke2 Ra2+ 44. Ke3 Ra3+ 1/2-1/2

[Event "TCh-CAT Div Hon"]
[Site "Barcelona ESP"]
[Date "2011.03.05"]
[Round "6.5"]
[White "Ryan, Joe"]
[Black "Fluvia Poyatos, Jordi"]
[Result "0-1"]
[WhiteTitle "FM"]
[BlackTitle "IM"]
[WhiteElo "2280"]
[BlackElo "2469"]
[Plycount "80"]
[WhiteTeam "FOM"]
[BlackTeam "UGA"]
[WhiteFideId "2500426"]
[BlackFideId "2214334"]
[Source "TWIC 855"]

1. e4 e6 2. d4 d5 3. Nc3 Bb4 4. e5 c5 5. Bd2 Ne7 6. Nb5 Bxd2+ 7. Qxd2 O-O 8. f4
a6 9. Nd6 cxd4 10. Nf3 Nbc6 11. Bd3 f6 12. O-O Bd7 13. Qe1 Qb6 14. Qh4 h6 15. g4
fxe5 16. Nxe5 Qc7 17. g5 Qxd6 18. gxh6 g6 19. Qg5 Be8 20. Bxg6 Nxg6 21. Nxg6 Kh7
22. Nxf8+ Qxf8 23. Rae1 Bf7 24. Kf2 Qxh6 25. Rg1 Rg8 26. Qxh6+ Kxh6 27. Rxg8
Bxg8 28. Ke2 Bh7 29. Kd2 Bf5 30. a3 Ne7 31. c3 d3 32. Ke3 Kg6 33. Rg1+ Kf6 34.
h4 Be4 35. h5 Nf5+ 36. Kf2 Nh4 37. h6 d2 38. Ke3 Nf3 39. Rh1 Bc2 40. h7 Bxh7 0-1

[Event "TCh-CAT Div Hon"]
[Site "Barcelona ESP"]
[Date "2011.03.26"]
[Round "9"]
[White "Bravo Barranco, Narciso"]
[Black "Ryan, Joe"]
[Result "1/2-1/2"]
[BlackTitle "FM"]
[WhiteElo "2248"]
[BlackElo "2280"]
[Plycount "42"]
[WhiteTeam "MON"]
[BlackTeam "FOM"]
[WhiteFideId "2203421"]
[BlackFideId "2500426"]
[EventDate "2011.01.29"]
[Source "TWIC 855"]

1. e4 e6 2. d4 d5 3. Nd2 Nf6 4. e5 Nfd7 5. Bd3 c5 6. c3 Nc6 7. Ne2 cxd4 8. cxd4
f6 9. exf6 Nxf6 10. Nf3 Bd6 11. O-O O-O 12. Bg5 Bd7 13. Qb1 h6 14. Bf4 Bxf4 15.
Nxf4 Ne4 16. g3 g5 17. Bxe4 gxf4 18. Bxd5 exd5 19. Qg6+ Kh8 20. Qxh6+ Kg8 21.
Qg6+ Kh8 1/2-1/2

[Event "TCh-CAT Div Hon"]
[Site "Barcelona ESP"]
[Date "2011.04.02"]
[Round "10"]
[White "Ryan, Joe"]
[Black "Arias Boo, Guillermo"]
[Result "1/2-1/2"]
[WhiteTitle "FM"]
[BlackTitle "FM"]
[WhiteElo "2280"]
[BlackElo "2330"]
[Plycount "97"]
[WhiteTeam "FOM"]
[BlackTeam "BCN"]
[WhiteFideId "2500426"]
[BlackFideId "2209870"]
[EventDate "2011.01.29"]
[Source "TWIC 856"]

1. e4 e5 2. Bc4 Nc6 3. Nf3 Bc5 4. c3 Nf6 5. d3 a6 6. Bb3 d6 7. O-O Ba7 8. Re1
O-O 9. h3 Be6 10. Bg5 Re8 11. Nbd2 Qe7 12. Nf1 Bxb3 13. axb3 Nd8 14. Nh4 Qe6 15.
Nf5 Kh8 16. Qf3 Ng8 17. b4 f6 18. Bd2 Ne7 19. N1g3 Nxf5 20. Qxf5 Qxf5 21. Nxf5
Nc6 22. Kf1 g6 23. Ne3 Ne7 24. Ke2 Kg7 25. Nc4 d5 26. Na5 Rab8 27. f3 c6 28.
Red1 Kf7 29. c4 Bd4 30. Bc3 Bxc3 31. bxc3 Red8 32. cxd5 cxd5 33. c4 b6 34. Nb3
dxc4 35. dxc4 Rxd1 36. Kxd1 Nc6 37. Rxa6 Nxb4 38. Ra7+ Kg8 39. Kd2 Rd8+ 40. Kc3
Nd3 41. Ra6 Rd6 42. c5 Nxc5 43. Nxc5 Rc6 44. Kd3 Rxc5 45. Rxb6 Kg7 46. Rb7+ Kg8
47. Rb8+ Kg7 48. Rb7+ Kg8 49. Rb6 1/2-1/2

[Event "Bunratty Masters"]
[Site "Bunratty IRL"]
[Date "2011.02.25"]
[Round "1"]
[White "Short, Nigel D"]
[Black "Moynihan, Kieran"]
[Result "1-0"]
[WhiteTitle "GM"]
[WhiteElo "2658"]
[BlackElo "2140"]
[Plycount "63"]
[WhiteFideId "400025"]
[BlackFideId "2500663"]
[EventDate "2011.03.25"]
[Source "TWIC 856"]

1. d4 Nf6 2. Nf3 c5 3. d5 g6 4. Nc3 d6 5. e4 a6 6. a4 Bg7 7. Be2 O-O 8. O-O Bg4
9. Re1 Bxf3 10. Bxf3 Nbd7 11. a5 Ne8 12. Nb1 Nc7 13. Nd2 Rb8 14. c3 Ne5 15. Be2
Bh6 16. g3 Nb5 17. f4 Nd7 18. Nc4 f6 19. Bg4 f5 20. exf5 gxf5 21. Bf3 Rf6 22.
Qe2 Bf8 23. Bd2 Nc7 24. Qd3 Qe8 25. Re2 Qg6 26. Rae1 Rf7 27. b4 Rc8 28. Re6 Rf6
29. Rxf6 Qxf6 30. Ne3 Ne8 31. Nxf5 Ng7 32. Bg4 1-0

[Event "Bunratty Masters"]
[Site "Bunratty IRL"]
[Date "2011.02.25"]
[Round "1"]
[White "Wynarczyk, Raymond"]
[Black "Kosten, Anthony C."]
[Result "0-1"]
[BlackTitle "GM"]
[WhiteElo "1963"]
[BlackElo "2498"]
[Plycount "82"]
[WhiteFideId "415081"]
[BlackFideId "400114"]
[EventDate "2011.03.25"]
[Source "TWIC 856"]

1. e4 e5 2. Nf3 Nc6 3. d4 exd4 4. Nxd4 Nf6 5. Nc3 Bb4 6. Nxc6 bxc6 7. Bd3 O-O 8.
O-O Re8 9. Bg5 Rb8 10. Qf3 Be7 11. b3 d6 12. h3 h6 13. Be3 a5 14. Rad1 Nd7 15.
Qh5 Ne5 16. f4 Nxd3 17. cxd3 d5 18. Ne2 Bf8 19. Nd4 Bd7 20. e5 c5 21. Ne2 d4 22.
Bd2 a4 23. Rb1 axb3 24. axb3 Bc6 25. Ng3 Qd5 26. Rf2 Rxb3 27. Rxb3 Qxb3 28. Qe2
c4 29. Nf5 Qxd3 30. Qxd3 cxd3 31. Nxd4 Be4 32. Be3 Rb8 33. e6 c5 34. exf7+ Kxf7
35. Nf3 Bxf3 36. Rxf3 c4 37. Bd2 Bc5+ 38. Kh2 Rb2 39. Bc3 Rc2 40. Ba5 d2 41. Rf1
Rc1 0-1

[Event "Bunratty Masters"]
[Site "Bunratty IRL"]
[Date "2011.02.25"]
[Round "1"]
[White "Freeman, Gordon"]
[Black "Jones, Gawain C B"]
[Result "0-1"]
[BlackTitle "GM"]
[WhiteElo "2132"]
[BlackElo "2593"]
[Plycount "34"]
[WhiteFideId "2501309"]
[BlackFideId "409561"]
[EventDate "2011.03.25"]
[Source "TWIC 856"]

1. e4 c6 2. d4 d5 3. Nc3 dxe4 4. Nxe4 Nf6 5. Nxf6+ gxf6 6. Bc4 Rg8 7. Qh5 e6 8.
Qxh7 Rxg2 9. Be3 Qa5+ 10. Bd2 Qb6 11. O-O-O Qxd4 12. Bh6 Qh4 13. Kb1 Rg6 14.
Qxg6 fxg6 15. Bxf8 Qxc4 16. b3 Qg4 17. f3 Qg2 0-1

[Event "Bunratty Masters"]
[Site "Bunratty IRL"]
[Date "2011.02.25"]
[Round "1"]
[White "Doyle, Hugh"]
[Black "Collins, Sam"]
[Result "0-1"]
[BlackTitle "IM"]
[WhiteElo "1916"]
[BlackElo "2436"]
[Plycount "148"]
[WhiteFideId "2500876"]
[BlackFideId "2501198"]
[EventDate "2011.03.25"]
[Source "TWIC 856"]

1. c4 e6 2. g3 d5 3. b3 Nf6 4. Bb2 c5 5. Bg2 Nc6 6. Nf3 d4 7. d3 Be7 8. O-O O-O
9. e3 e5 10. exd4 cxd4 11. Re1 Qc7 12. a3 a5 13. Nbd2 Bg4 14. h3 Bh5 15. Qe2 Nd7
16. g4 Bg6 17. Nxd4 exd4 18. Bxc6 Qxc6 19. Qxe7 Nc5 20. Bxd4 Nxd3 21. Re3 Nf4
22. Nf3 Nxh3+ 23. Kh2 Rfe8 24. Qc5 Qxc5 25. Bxc5 Rec8 26. Kxh3 Rxc5 27. Nh4 a4
28. Nxg6 hxg6 29. f3 axb3 30. Rxb3 Rxc4 31. Rxb7 g5 32. Rb3 Ra6 33. Kg3 Kh7 34.
Ra2 Rca4 35. Rh2+ Kg6 36. Ra2 Rc4 37. Rab2 f6 38. Rd2 Ra7 39. Rdb2 Rca4 40. Ra2
Ra8 41. Rc3 R4a7 42. Rb3 Ra4 43. Rc3 Rd8 44. Rb2 Ra7 45. Rbc2 Rd1 46. Ra2 Ra4
47. Rb3 Rd6 48. Rab2 Rda6 49. Ra2 Ra7 50. Rc3 Kf7 51. Re3 g6 52. Rb3 Kg7 53. Rc3
R4a6 54. Rb3 f5 55. Rc3 Ra4 56. Rb3 R7a6 57. Rb5 f4+ 58. Kf2 Rxa3 59. Rxa3 Rxa3
60. Rxg5 Ra2+ 61. Kf1 Kf6 62. Rb5 Ra3 63. Ke2 Re3+ 64. Kf2 Re5 65. Rb8 Ra5 66.
Rf8+ Kg5 67. Rb8 Ra2+ 68. Kf1 Kh4 69. Rb6 g5 70. Rb5 Kg3 71. Rxg5 Kxf3 72. Ke1
Kg2 73. Rf5 f3 74. g5 f2+ 0-1

[Event "Bunratty Masters"]
[Site "Bunratty IRL"]
[Date "2011.02.25"]
[Round "1"]
[White "Cafolla, Peter"]
[Black "Hunt, Adam C"]
[Result "0-1"]
[BlackTitle "IM"]
[WhiteElo "2060"]
[BlackElo "2436"]
[Plycount "66"]
[WhiteFideId "2500884"]
[BlackFideId "403970"]
[EventDate "2011.03.25"]
[Source "TWIC 856"]

1. e4 c5 2. Nc3 Nc6 3. g3 g6 4. Bg2 Bg7 5. d3 d6 6. f4 e6 7. Nf3 Nge7 8. O-O O-O
9. Be3 b6 10. Qd2 Bb7 11. d4 Na5 12. b3 Rc8 13. dxc5 bxc5 14. Rad1 Bxc3 15. Qxc3
Bxe4 16. Ne5 Nd5 17. Rxd5 Bxd5 18. Ng4 f6 19. f5 Bxg2 20. Kxg2 exf5 21. Nh6+ Kg7
22. g4 Nc6 23. gxf5 Ne5 24. fxg6 hxg6 25. Bf4 Rh8 26. Bxe5 dxe5 27. Ng4 Qd5+ 28.
Kg3 Rcf8 29. h4 Qd4 30. Qa5 Rf7 31. c3 Qd3+ 32. Rf3 Qd6 33. Kg2 Rxh4 0-1

[Event "Bunratty Masters"]
[Site "Bunratty IRL"]
[Date "2011.02.25"]
[Round "1"]
[White "Heidenfeld, Mark"]
[Black "Wilson, Alexandra"]
[Result "1-0"]
[WhiteTitle "IM"]
[BlackTitle "WFM"]
[WhiteElo "2379"]
[BlackElo "2037"]
[Plycount "55"]
[WhiteFideId "2500990"]
[BlackFideId "411000"]
[EventDate "2011.03.25"]
[Source "TWIC 856"]

1. e4 e6 2. d4 d5 3. Nc3 Bb4 4. Ne2 Nf6 5. Bg5 dxe4 6. a3 Be7 7. Bxf6 Bxf6 8.
Nxe4 Be7 9. N2c3 Bd7 10. Bc4 Bc6 11. d5 exd5 12. Bxd5 Bxd5 13. Qxd5 Qxd5 14.
Nxd5 Na6 15. O-O-O Bd8 16. Rhe1 O-O 17. Kb1 f5 18. Nec3 c6 19. Ne7+ Kh8 20. Nxf5
Ba5 21. g4 Bxc3 22. bxc3 g6 23. Nh6 Nc5 24. Re7 Rae8 25. Rde1 Rxe7 26. Rxe7 Rxf2
27. g5 Rf8 28. Ng4 1-0

[Event "Bunratty Masters"]
[Site "Bunratty IRL"]
[Date "2011.02.25"]
[Round "1"]
[White "Maroroa, Sue"]
[Black "Cooper, Lawrence H"]
[Result "0-1"]
[WhiteTitle "WIM"]
[BlackTitle "IM"]
[WhiteElo "2019"]
[BlackElo "2316"]
[Plycount "104"]
[WhiteFideId "4301498"]
[BlackFideId "401536"]
[EventDate "2011.03.25"]
[Source "TWIC 856"]

1. e4 e5 2. Nf3 d6 3. Bc4 Nf6 4. d3 Be7 5. Ng5 O-O 6. f4 Bg4 7. Qd2 d5 8. exd5
exf4 9. O-O Nxd5 10. Bxd5 Qxd5 11. Qxf4 Qd7 12. Be3 Nc6 13. Nc3 Rae8 14. Rae1
Bd6 15. Qf2 Re5 16. Nge4 Rf5 17. Qd2 Rxf1+ 18. Rxf1 Be7 19. Qf2 b6 20. Qg3 f5
21. Nd2 Nd4 22. Bxd4 Qxd4+ 23. Kh1 Bd6 24. Nb3 Qf6 25. Ne4 fxe4 26. Rxf6 Bxg3
27. Rxf8+ Kxf8 28. hxg3 exd3 29. cxd3 Ke7 30. Kg1 Be6 31. Nc1 Kd6 32. a3 Ke5 33.
Kf2 Bd5 34. Ne2 c5 35. Kf1 Bc6 36. Kf2 g5 37. g4 Bd7 38. Kf3 Kd5 39. Ke3 Bxg4
40. Nc3+ Kc6 41. Ke4 Bh5 42. d4 Bg6+ 43. Ke5 cxd4 44. Kxd4 Bc2 45. b4 h5 46. g3
h4 47. gxh4 gxh4 48. Ke3 h3 49. Kf3 Bf5 50. Kg3 Bd7 51. a4 Kd6 52. a5 Ke5 0-1

[Event "Bunratty Masters"]
[Site "Bunratty IRL"]
[Date "2011.02.25"]
[Round "1"]
[White "Clement"]
[Black "Fehr, Jukka"]
[Result "1-0"]
[WhiteTitle "FM"]
[WhiteElo "2254"]
[BlackElo "2003"]
[Plycount "89"]
[WhiteFideId "1208926"]
[BlackFideId "4674693"]
[EventDate "2011.03.25"]
[Source "TWIC 856"]

1. e4 e6 2. d4 d5 3. Nd2 Nf6 4. e5 Nfd7 5. Ngf3 c5 6. c3 Nc6 7. Bd3 Qb6 8. O-O
cxd4 9. cxd4 Nxd4 10. Nxd4 Qxd4 11. Nf3 Qb4 12. a3 Qa5 13. Bd2 Qd8 14. Qa4 Be7
15. Qg4 g6 16. Bh6 Nc5 17. Bc2 Bd7 18. b4 Ba4 19. Bb1 Nb3 20. Ra2 Rc8 21. Bc2
Rc4 22. Qh3 Qc8 23. Bd1 b5 24. Bg7 Rg8 25. Qxh7 Kd7 26. Bxb3 Bxb3 27. Raa1 d4
28. Bf6 Bxf6 29. exf6 Qf8 30. Ne5+ Ke8 31. Qh4 Qd6 32. Rfe1 d3 33. Qh7 Rf8 34.
Nxd3 Qd4 35. Rxe6+ Kd8 36. Rae1 Qxd3 37. R6e3 Qd2 38. Qg7 Qd6 39. Rd3 Qxd3 40.
Qxf8+ Kc7 41. Re7+ Qd7 42. Rxd7+ Kxd7 43. Qxf7+ Kd6 44. Qe7+ Kd5 45. h3 1-0

[Event "Bunratty Masters"]
[Site "Bunratty IRL"]
[Date "2011.02.25"]
[Round "1"]
[White "Magee, Ronan"]
[Black "Griffiths, Ryan Rhys"]
[Result "0-1"]
[WhiteElo "1892"]
[BlackElo "2245"]
[Plycount "66"]
[WhiteFideId "2503000"]
[BlackFideId "2502054"]
[EventDate "2011.03.25"]
[Source "TWIC 856"]

1. c4 c5 2. g3 Nc6 3. Bg2 g6 4. Nc3 Bg7 5. e3 e5 6. Nge2 Nge7 7. a3 O-O 8. O-O
d6 9. Rb1 a5 10. d3 Rb8 11. Bd2 Bg4 12. h3 Bd7 13. Nb5 Be6 14. e4 f5 15. Qc2 Qd7
16. Kh2 f4 17. f3 g5 18. g4 h5 19. b4 Rf6 20. Kg1 Rbf8 21. Rf2 Ng6 22. bxc5 dxc5
23. Nec3 Nh4 24. Na4 Bxg4 25. hxg4 hxg4 26. Qd1 g3 27. Rf1 Rh6 28. Nxc5 Qc8 29.
Qe2 Nd4 30. Nxd4 Qxc5 31. Bc3 exd4 32. Bd2 Nxg2 33. Qxg2 Rh2 0-1

[Event "Bunratty Masters"]
[Site "Bunratty IRL"]
[Date "2011.02.25"]
[Round "1"]
[White "Porter, Liam"]
[Black "Short, Philip"]
[Result "0-1"]
[BlackTitle "FM"]
[WhiteElo "1983"]
[BlackElo "2293"]
[Plycount "63"]
[WhiteFideId "2502992"]
[BlackFideId "2500086"]
[EventDate "2011.03.25"]
[Source "TWIC 856"]

1. e4 e6 2. f4 d5 3. e5 c5 4. Nf3 Nc6 5. c3 Nh6 6. Na3 Nf5 7. Nc2 d4 8. Bd3 Be7
9. O-O h5 10. cxd4 cxd4 11. b3 a5 12. a4 Qb6 13. Na3 Nb4 14. Nc4 Qc7 15. Be4 d3
16. Ne1 Bc5+ 17. Kh1 h4 18. Ne3 Qd8 19. Nxf5 exf5 20. Bf3 h3 21. g3 Be6 22. Ba3
Qd7 23. Rc1 Rc8 24. Rc3 O-O 25. Bxb4 Bxb4 26. Rxd3 Qc7 27. g4 Rfd8 28. g5 Qb6
29. Rg1 g6 30. Rg3 Qf2 31. Qe2 Qxe2 32. Bxe2 0-1

[Event "Bunratty Masters"]
[Site "Bunratty IRL"]
[Date "2011.02.25"]
[Round "1"]
[White "Wolferink, Frans"]
[Black "Duffy, Seamus"]
[Result "1/2-1/2"]
[WhiteElo "2097"]
[BlackElo "2022"]
[Plycount "76"]
[WhiteFideId "1003917"]
[BlackFideId "2501708"]
[EventDate "2011.03.25"]
[Source "TWIC 856"]

1. e4 e5 2. Nf3 d6 3. Bc4 Be7 4. c3 Nf6 5. Qe2 Bg4 6. h3 Bh5 7. d3 Nc6 8. g4 Bg6
9. Bb3 Qd7 10. Nbd2 a6 11. Nc4 O-O-O 12. a4 h5 13. g5 Ne8 14. Ne3 h4 15. Ng4 f5
16. gxf6 gxf6 17. Ne3 Rh7 18. Rg1 Bh5 19. Nf5 Bf8 20. Qe3 Bxf3 21. Qxf3 Ng7 22.
Nxg7 Rxg7 23. Rxg7 Bxg7 24. Be3 Kb8 25. Ke2 Na5 26. Bc2 c5 27. b4 cxb4 28. Bb6
Nc6 29. Bxd8 Qxd8 30. Qg4 Bh6 31. Qxh4 Bg5 32. Qh7 bxc3 33. Rb1 Qc8 34. Kd1 Nd4
35. a5 Nb5 36. Rb4 Qc5 37. Qg8+ Ka7 38. Qd8 Qxb4 1/2-1/2

[Event "Bunratty Masters"]
[Site "Bunratty IRL"]
[Date "2011.02.26"]
[Round "2"]
[White "Hunt, Adam C"]
[Black "Short, Nigel D"]
[Result "1/2-1/2"]
[WhiteTitle "IM"]
[BlackTitle "GM"]
[WhiteElo "2436"]
[BlackElo "2658"]
[Plycount "142"]
[WhiteFideId "403970"]
[BlackFideId "400025"]
[EventDate "2011.03.25"]
[Source "TWIC 856"]

1. e4 e6 2. d4 d5 3. Nc3 Nf6 4. Bg5 Be7 5. e5 Nfd7 6. h4 c5 7. Bxe7 Qxe7 8. Nb5
O-O 9. Nc7 Nc6 10. Nxa8 cxd4 11. Nf3 Qb4+ 12. Qd2 Qxb2 13. Rd1 Nc5 14. Bd3 Bd7
15. Nc7 Rc8 16. Nxd5 exd5 17. O-O a6 18. Qf4 h6 19. Rb1 Qc3 20. Rfd1 b5 21. Kh2
Re8 22. g4 Ne4 23. Bxe4 dxe4 24. Qxe4 Qc5 25. Re1 Be6 26. Rbd1 Bd5 27. Qd3 Bxf3
28. Qxf3 Nxe5 29. Qe4 Re6 30. Qa8+ Kh7 31. Qe4+ g6 32. Kg2 Qc3 33. Qf4 Qc6+ 34.
Qe4 Nd3 35. cxd3 Rxe4 36. dxe4 Qe6 37. Rxd4 Qxg4+ 38. Kf1 Qxh4 39. Re3 Kg7 40.
Rd7 Qh1+ 41. Ke2 Qc1 42. e5 Qc2+ 43. Kf1 Qc4+ 44. Ke1 Qe6 45. Rd6 Qxa2 46. e6
Qb1+ 47. Ke2 Qc2+ 48. Kf1 Qc4+ 49. Kg2 fxe6 50. Rexe6 Qg4+ 51. Kf1 h5 52. Rxa6
h4 53. Re7+ Kh6 54. Re3 h3 55. Raa3 Qg2+ 56. Ke2 h2 57. Rh3+ Kg7 58. Ra7+ Kg8
59. Rah7 Qe4+ 60. Kd2 Qd4+ 61. Ke2 g5 62. R7h5 Qe4+ 63. Kd2 Qf4+ 64. Ke2 b4 65.
Rh8+ Kf7 66. Rf3 Kg7 67. Rfh3 Qe4+ 68. Kd2 Qd4+ 69. Kc2 Qxf2+ 70. Kb3 Qd4 71.
R3h7+ Kg6 1/2-1/2

[Event "Bunratty Masters"]
[Site "Bunratty IRL"]
[Date "2011.02.26"]
[Round "2"]
[White "Kosten, Anthony C."]
[Black "Heidenfeld, Mark"]
[Result "1/2-1/2"]
[WhiteTitle "GM"]
[BlackTitle "IM"]
[WhiteElo "2498"]
[BlackElo "2379"]
[Plycount "87"]
[WhiteFideId "400114"]
[BlackFideId "2500990"]
[EventDate "2011.03.25"]
[Source "TWIC 856"]

1. c4 e5 2. g3 Nf6 3. Bg2 c6 4. d4 exd4 5. Qxd4 Na6 6. Nf3 Bc5 7. Qe5+ Qe7 8.
Qxe7+ Kxe7 9. a3 Bb6 10. b4 d6 11. O-O Be6 12. Nbd2 Nc7 13. Bb2 a5 14. Ng5 axb4
15. axb4 Rxa1 16. Rxa1 Ra8 17. Rxa8 Nxa8 18. Nxe6 fxe6 19. e3 Nc7 20. Kf1 d5 21.
c5 Ba7 22. Nb3 b6 23. cxb6 Bxb6 24. Bf3 Kd6 25. Be2 e5 26. f4 Nd7 27. Kf2 g6 28.
Bg4 Ne6 29. Ke2 h5 30. Bh3 h4 31. gxh4 exf4 32. Bxe6 Kxe6 33. exf4 Bd8 34. Nd4+
Kd6 35. Nf3 Ke6 36. Be5 Bb6 37. Bd4 Bd8 38. Be3 Bf6 39. h3 Kf5 40. Kd3 Bg7 41.
Nd4+ Bxd4 42. Kxd4 Ke6 43. Bd2 Kf5 44. Be3 1/2-1/2

[Event "Bunratty Masters"]
[Site "Bunratty IRL"]
[Date "2011.02.26"]
[Round "2"]
[White "Cooper, Lawrence H"]
[Black "Williams, Simon K"]
[Result "1/2-1/2"]
[WhiteTitle "IM"]
[BlackTitle "GM"]
[WhiteElo "2316"]
[BlackElo "2513"]
[Plycount "85"]
[WhiteFideId "401536"]
[BlackFideId "404454"]
[EventDate "2011.03.25"]
[Source "TWIC 856"]

1. d4 e6 2. e4 d5 3. Nd2 Nf6 4. e5 Nfd7 5. f4 c5 6. c3 Nc6 7. Ndf3 Qb6 8. h4
cxd4 9. cxd4 Be7 10. g3 a5 11. Ne2 O-O 12. Bh3 f6 13. Bxe6+ Kh8 14. exf6 Nxf6
15. Bxc8 Raxc8 16. O-O Ng4 17. Kg2 Bf6 18. Kh3 Ne7 19. Qd3 Qe6 20. Kg2 Nf5 21.
Ne5 Bxe5 22. fxe5 Qg6 23. Kh3 h5 24. Nf4 Qe8 25. Bd2 Rc4 26. Bc3 Rc6 27. Rae1
Ne7 28. Bxa5 Qc8 29. Kg2 Rc2+ 30. Re2 Rxe2+ 31. Nxe2 Rxf1 32. Kxf1 Qa8 33. Bb4
Nc6 34. Ba3 Qc8 35. Qg6 Nxd4 36. Qxh5+ Kg8 37. Nxd4 Qc1+ 38. Kg2 Qd2+ 39. Kh3
Nf2+ 40. Kg2 Ng4+ 41. Kh3 Nf2+ 42. Kg2 Ng4+ 43. Kh3 1/2-1/2

[Event "Bunratty Masters"]
[Site "Bunratty IRL"]
[Date "2011.02.26"]
[Round "2"]
[White "Jones, Gawain C B"]
[Black "Clement"]
[Result "1/2-1/2"]
[WhiteTitle "GM"]
[BlackTitle "FM"]
[WhiteElo "2593"]
[BlackElo "2254"]
[Plycount "61"]
[WhiteFideId "409561"]
[BlackFideId "1208926"]
[EventDate "2011.03.25"]
[Source "TWIC 856"]

1. e4 c5 2. Nc3 Nc6 3. f4 e6 4. Nf3 d6 5. g4 Be7 6. h4 h6 7. d3 Bd7 8. Be3 Nf6
9. Bh3 d5 10. e5 d4 11. exf6 gxf6 12. Bd2 dxc3 13. bxc3 Qc7 14. Be3 Bd6 15. Qd2
Ne7 16. c4 Ng6 17. f5 Bg3+ 18. Bf2 Ne5 19. Bxg3 Nxf3+ 20. Kf2 Qxg3+ 21. Kxg3
Nxd2 22. Rh2 Nxc4 23. dxc4 O-O-O 24. Rf2 exf5 25. gxf5 Bc6 26. Raf1 Rd4 27. Rf4
Rg8+ 28. Kh2 Rgd8 29. Kg3 Rg8+ 30. Kh2 Rgd8 31. Kg3 1/2-1/2

[Event "Bunratty Masters"]
[Site "Bunratty IRL"]
[Date "2011.02.26"]
[Round "2"]
[White "Griffiths, Ryan Rhys"]
[Black "Baburin, Alexander"]
[Result "1/2-1/2"]
[BlackTitle "GM"]
[WhiteElo "2245"]
[BlackElo "2539"]
[Plycount "50"]
[WhiteFideId "2502054"]
[BlackFideId "2500914"]
[EventDate "2011.03.25"]
[Source "TWIC 856"]

1. c4 Nf6 2. g3 c6 3. Bg2 d5 4. Nf3 g6 5. b3 Bg7 6. Bb2 O-O 7. O-O Bg4 8. Ne5
Bf5 9. Qc1 Nbd7 10. d3 Nxe5 11. Bxe5 Qd7 12. Re1 Bh3 13. Bf3 Qf5 14. Qb2 Bh6 15.
Bxf6 exf6 16. cxd5 cxd5 17. Qd4 Qe5 18. Qxe5 fxe5 19. Bxd5 e4 20. a4 exd3 21.
exd3 Rad8 22. Bc4 Bf5 23. Na3 Bxd3 24. Re7 Bg7 25. Rd1 Bxc4 1/2-1/2

[Event "Bunratty Masters"]
[Site "Bunratty IRL"]
[Date "2011.02.26"]
[Round "2"]
[White "Collins, Sam"]
[Black "Fitzsimons, David"]
[Result "1-0"]
[WhiteTitle "IM"]
[WhiteElo "2436"]
[BlackElo "2240"]
[Plycount "115"]
[WhiteFideId "2501198"]
[BlackFideId "2501961"]
[EventDate "2011.03.25"]
[Source "TWIC 856"]

1. g3 Nf6 2. Bg2 e5 3. c4 c6 4. d4 exd4 5. Qxd4 Na6 6. Nf3 Bc5 7. Qe5+ Be7 8.
O-O O-O 9. Nc3 Re8 10. Rd1 Bb4 11. Qf5 Bxc3 12. bxc3 Rxe2 13. Bg5 Nc7 14. Nd4
Re8 15. Be4 d5 16. Bxf6 Qxf6 17. Qxh7+ Kf8 18. cxd5 Nxd5 19. Bxd5 cxd5 20. Qh8+
Ke7 21. Qh5 Be6 22. Rab1 Rab8 23. Re1 Kf8 24. Nc6 bxc6 25. Rxb8 Rxb8 26. Qh8+
Ke7 27. Qxb8 Qxc3 28. Qxa7+ Kd6 29. Qb8+ Kc5 30. Rb1 Bf5 31. Qb6+ Kd6 32. Qd8+
Kc5 33. Qb6+ Kd6 34. Qb4+ Qxb4 35. Rxb4 c5 36. Rb6+ Kc7 37. Ra6 Kb7 38. Rd6 Be6
39. h4 d4 40. Rxe6 fxe6 41. g4 c4 42. Kf1 Kc6 43. h5 Kc5 44. g5 Kb4 45. h6 gxh6
46. gxh6 c3 47. Ke2 Ka3 48. Kd3 Kb2 49. h7 c2 50. h8=Q c1=Q 51. Qxd4+ Kxa2 52.
Qa4+ Kb2 53. Qb4+ Ka2 54. Qa5+ Kb2 55. Qb4+ Ka2 56. Qd2+ Kb1 57. f4 Qa3+ 58. Qc3 1-0

[Event "Bunratty Masters"]
[Site "Bunratty IRL"]
[Date "2011.02.26"]
[Round "2"]
[White "Short, Philip"]
[Black "Pein, Malcolm"]
[Result "1/2-1/2"]
[WhiteTitle "FM"]
[BlackTitle "IM"]
[WhiteElo "2293"]
[BlackElo "2390"]
[Plycount "68"]
[WhiteFideId "2500086"]
[BlackFideId "400289"]
[EventDate "2011.03.25"]
[Source "TWIC 856"]

1. d4 Nf6 2. c4 g6 3. Nc3 Bg7 4. e4 d6 5. g3 c5 6. d5 b5 7. cxb5 a6 8. bxa6 O-O
9. Nge2 Bxa6 10. Nf4 Bxf1 11. Kxf1 Nbd7 12. Kg2 Qa5 13. h4 h5 14. f3 Ne5 15. g4
hxg4 16. fxg4 Nfxg4 17. h5 Rab8 18. Rh3 g5 19. Nd3 Bf6 20. Rg3 Nxd3 21. Qxd3 Ne5
22. Qc2 Kh8 23. Bxg5 Bxg5 24. Rxg5 Nc4 25. Qd3 Rg8 26. Rxg8+ Rxg8+ 27. Kh1 Qb4
28. Rb1 Rg5 29. Qe2 Kh7 30. Rf1 f6 31. Rg1 Rxg1+ 32. Kxg1 Nxb2 33. Qf3 Kh8 34.
Qg3 Qd4+ 1/2-1/2

[Event "Bunratty Masters"]
[Site "Bunratty IRL"]
[Date "2011.02.26"]
[Round "2"]
[White "O'Connor, Jonathan"]
[Black "Duffy, Seamus"]
[Result "1-0"]
[WhiteElo "2148"]
[BlackElo "2022"]
[Plycount "51"]
[WhiteFideId "2501112"]
[BlackFideId "2501708"]
[EventDate "2011.03.25"]
[Source "TWIC 856"]

1. e4 e5 2. Nf3 d6 3. d4 exd4 4. Nxd4 Nf6 5. Nc3 Be7 6. Bf4 O-O 7. Qd2 c6 8.
O-O-O b5 9. f3 b4 10. Nce2 c5 11. Nf5 Bxf5 12. exf5 d5 13. g4 d4 14. h4 Qd5 15.
Kb1 Nc6 16. Ng3 Rac8 17. g5 Nd7 18. Bd3 Nde5 19. Be4 Qd8 20. f6 gxf6 21. gxf6
Bxf6 22. Bg5 Kh8 23. Qf4 Bxg5 24. hxg5 Ng6 25. Qf5 Kg7 26. Nh5+ 1-0